000 00424nmm a2200157Ia 4500
008 251105s9999||||xx |||||||||||||||||und||
041 _aspa
100 _aClark, Mary Jane
245 0 _aExpuesta
264 _a[Madrid, España] :
_bLa Factoría de Ideas,
_c2014
300 _a0 páginas
490 _aPandora
650 _aThriller & Suspense
856 _uhttps://public.digitaliapublishing.com/a/25401
942 _cCF
999 _c100405
_d100405